Correspondencia al Rey, para informar los problemas que ha causado en los indios, la contribución del pulque

Detalles Bibliográficos
Formato: Libro
Publicado: Puebla de los Ángeles, 1671
Materias:
Colección:Banco de datos
Acervo:Biblioteca Palafoxiana. Colección de Manuscritos
Descripción Física:2 f. ; 31 x 21 cm.
Tema general:Eclesiástica
LEADER 00432nam a22001330004500
035 |a 5260 
245 1 0 |a Correspondencia al Rey, para informar los problemas que ha causado en los indios, la contribución del pulque 
260 |a Puebla de los Ángeles, 1671 
300 |a 2 f. ; 31 x 21 cm. 
650 1 0 |a Eclesiástica 
949 |a R538/082 
942 |c PALAMANU 
943 |g Biblioteca Palafoxiana. Colección de Manuscritos 
999 |c 1073205  |d 1073205